000 00635 a2200193 4500
005 20240919110702.0
008 131023s2001 sp a a |||| 00| 0 spa d
020 _a8424131886
040 _aCO-BoUCM
_bspa
_cJose A. Gerena
_d[Nuevo]
041 0 0 _aspa
100 1 _aMonreal, Violeta
_948819
245 1 0 _a¿Por qué estás triste?
_cVioleta Monreal
250 _a4a Ed
260 _c2001
_bEverest
_gLeón (Castilla y León, España)
300 _a35 páginas
_bilustraciones a color
490 _aMontaña encantada
_aPrimeros lectores
942 _a18
_cLIBRO
_e4
_mM756
_2DEWEY
_h868.64
_n0
999 _c182590
_d182590